00165nam a2200073Ia 4500008004100000082000800041100001600049245002600065240331s9999 xx 000 0 und d bSUY aSuyamboo, P 0aMoli varalaatil Tamil